| 000 | 00972cam a2200349 a 4500 | ||
|---|---|---|---|
| 001 | 594421 | ||
| 003 | ARRUPE | ||
| 005 | 20141126123823.0 | ||
| 008 | 870911s1987 mau b 001 0 eng | ||
| 010 | _a 86027098 | ||
| 020 | _a0674604253 (alk. paper) | ||
| 035 | _a(OCoLC)14586188 | ||
| 035 | _a(OCoLC)ocm14586188 | ||
| 035 | _a(CStRLIN)NYCG87-B74219 | ||
| 035 | _a(NNC)594421 | ||
| 040 | _cDCL | ||
| 050 | 0 |
_aK460 _b.W45 1987 |
|
| 082 | 0 |
_a340/.1 _219 |
|
| 090 |
_aK460 _b.W45 1987 |
||
| 100 | 1 |
_aWeinreb, Lloyd L., _d1936- _912856 |
|
| 245 | 1 | 0 |
_aNatural law and justice / _cLloyd L. Weinreb. |
| 260 |
_aCambridge, Mass. : _bHarvard University Press, _c1987. |
||
| 263 | _a8708 | ||
| 300 |
_aix, 320 p. ; _c24 cm. |
||
| 500 | _aIncludes index. | ||
| 504 | _aIncludes bibliographical references. | ||
| 650 | 0 |
_aNatural law. _93966 |
|
| 650 | 0 |
_aLaw _xPhilosophy. _910576 |
|
| 650 | 0 |
_aJustice. _912857 |
|
| 942 |
_2lcc _cMONOGRAPH |
||
| 999 |
_c121315 _d121315 |
||